|
|
|
|
| LEADER |
00000nam0a2200000 4500 |
| 001 |
357206 |
| 005 |
20231102010952.0 |
| 035 |
|
|
|a (RuTPU)RU\TPU\retro\14466
|
| 090 |
|
|
|a 357206
|
| 100 |
|
|
|a 20200803d1929 km y0rusy50 ca
|
| 101 |
0 |
|
|a rus
|
| 102 |
|
|
|a RU
|
| 105 |
|
|
|a y z 001zy
|
| 200 |
1 |
|
|a Краткий отчет о работе Коммунистической академии
|e за 1928/1929 гг.
|
| 210 |
|
|
|a Москва
|c Издательство Коммунистической академии
|d 1929
|
| 215 |
|
|
|a 63 с.
|
| 320 |
|
|
|a Приложения : с.52-63
|
| 606 |
1 |
|
|a Научные учреждения
|y СССР
|y Россия
|2 stltpush
|3 (RuTPU)RU\TPU\subj\45179
|9 64440
|
| 610 |
1 |
|
|a академии
|
| 610 |
1 |
|
|a академические институты
|
| 610 |
1 |
|
|a история
|
| 610 |
1 |
|
|a 20 век
|
| 610 |
1 |
|
|a институты
|
| 610 |
1 |
|
|a секции
|
| 610 |
1 |
|
|a научные кадры
|
| 610 |
1 |
|
|a научные кадры
|
| 610 |
1 |
|
|a комиссии
|
| 610 |
1 |
|
|a управление
|
| 610 |
1 |
|
|a библиотека
|
| 610 |
1 |
|
|a штаты
|
| 686 |
|
|
|a Ч214(2)7
|v LBC/SL-A
|2 rubbk
|
| 712 |
0 |
2 |
|a Коммунистическая академия
|c (Москва)
|c (1924-1936)
|2 stltpush
|3 (RuTPU)RU\TPU\col\18859
|9 27228
|
| 801 |
|
1 |
|a RU
|b 63413507
|c 20200803
|
| 801 |
|
2 |
|a RU
|b 63413507
|c 20200917
|g RCR
|
| 942 |
|
|
|c BK
|